01887nam a2200229Ia 45000010005000000080041000050100009000460410014000550820014000692450133000832600027002163000008002435200007002516300016002586300016002746300025002906500025003157000031003407000044003717000041004155201201004563745241029s9999 xx 000 0 und d a3515 aEspañol aNO APLICA 0aRediseño curricular del programa de cirugía bucal del Departamento de Odontología de la Universidad Central del Este, 2009 aSan Pedro de Macorís a100 a20 aCurrículo aEnseñanza aPrograma de Estudios aPrograma de Estudios easesoraEspinal, David Joa eautoraHilario Liz, Xiomara Altagracia  eautoraFernández Valencia, Soraya  aEl objetivo principal de este estudio consistió en determinar si el actual programa de Cirugía Bucal 1 de la Escuela de Odontología de la UCE es pertinente para la enseñanza de un currículo realmente competente de acuerdo a los tiempos modernos.La metodología consistió en un estudio de desarrollo, basado en el método empírico y se fundamentó en la aplicación de encuestas y entrevistas; y en la revisión documental del programa de Cirugía bucal de varias universidades. El universo estuvo constituido por todos los estudiantes de la Escuela de Odontología. La muestra estuvo compuesta por 28 estudiantes que habían cursado la asignatura para el momento en que se hizo el estudio.Los análisis realizados indican que el programa actual de la asignatura fue concebido sin diseño científico. Según el estudio, el programa actual requiere modificaciones en el área de los contenidos y en la metodología.El estudio recomienda estructurar el programa siguiendo el modelo integrado del proceso enseñanza ? aprendizaje. También, desarrollar los contenidos con sus objetivos específicos respectivamente en el orden lógico y pedagógico de la asignatura.